Zmena v podnikateľskej stratégii Budú predávať spracovanú guľatinu domácemu odberateľovi

Bibliographic Details
Main Author: (top) (Author)
Format: Article
Language:Slovak
Subjects:

MARC

LEADER 00000nab a2200000 a 4500
001 vtls001020032
003 SK-MaSNL
005 20260303035207.0
008 140301e19980605xo 0 slo
035 |a SN5944 
040 |a SNSK  |b slo  |c SNSK  |e AACR2 
041 0 |a slo 
044 |a xo  |c SK 
080 |a 674-412  |2 1981 
100 0 |a (top)  |4 aut  |9 887920 
245 1 0 |a Zmena v podnikateľskej stratégii  |b Budú predávať spracovanú guľatinu domácemu odberateľovi 
610 2 7 |a Lesfinal, Spišská Nová Ves  |2 SNSK  |9 1021438 
650 0 7 |a guľatina  |2 SNSK  |9 58793 
650 0 7 |a spracovanie  |2 SNSK  |9 355820 
650 0 7 |a stratégie podnikateľské  |2 SNSK  |9 1021649 
650 0 7 |a zmeny  |2 SNSK  |9 474771 
651 7 |a Spišská Nová Ves (Slovensko)  |2 SNSK  |9 28800 
773 0 8 |t Hospodárske noviny, č.106, 5.6.1998, s. 4 
852 |a ZVYKNI  |b KIS3GCP 
999 |c 1676413  |d 1678343